| 000 | 00911pam a2200289 a 4500 | ||
|---|---|---|---|
| 999 |
_c233024 _d233024 |
||
| 001 | 13668062 | ||
| 003 | Nust | ||
| 005 | 20170228095004.0 | ||
| 008 | 011203s2001 enk 000 1 eng d | ||
| 010 | _a 2004444293 | ||
| 015 | _aGBA1-71491 | ||
| 020 | _a9780007273935 | ||
| 035 | _a(OCoLC)ocm48533446 | ||
| 040 |
_aUKM _cUKM _dDLC |
||
| 042 | _alccopycat | ||
| 050 | 0 | 0 |
_aPR6061.E484 _bW48 2001 |
| 082 | 0 | 4 |
_a823.914 _bKEL |
| 100 | 1 | _aKelly, Cathy. | |
| 245 | 1 | 0 |
_aWhat she wants / _cCathy Kelly. |
| 260 |
_aLondon : _bHarperCollins, _c2001. |
||
| 300 |
_aix, 656 p. ; _c24 cm. |
||
| 650 | 0 |
_aWomen _vFiction. |
|
| 655 | 0 | _aPsychological fiction. | |
| 655 | 0 | _aDomestic fiction. | |
| 906 |
_a7 _bcbc _ccopycat _d2 _encip _f20 _gy-gencatlg |
||
| 942 |
_2ddc _cBK |
||